Comunicación y construcción de lo cotidiano /
Na minha lista:
| Autor principal: | |
|---|---|
| Formato: | Desconhecido |
| Idioma: | Spanish |
| Publicado em: |
San José:
DEI,
1999
|
| Tags: |
Adicionar Tag
Sem tags, seja o primeiro a adicionar uma tag!
|
MARC
| LEADER | 00000 a2200000 04500 | ||
|---|---|---|---|
| 003 | cru CIDCACS/IIS | ||
| 005 | 20200826123851.0 | ||
| 008 | 200826s1999 cr |||||r|||||||| ||spa|d | ||
| 999 | |c 43325 |d 43325 | ||
| 040 | |c cru CIDCACS/IIS | ||
| 090 | |a 14014.00-08 | ||
| 100 | 1 | |a Vega Jiménez, Patricia |9 7217 |e compiladora | |
| 245 | 1 | |a Comunicación y construcción de lo cotidiano / |c Patricia Vega Jiménez, compiladora | |
| 260 | |a San José: |b DEI, |c 1999 | ||
| 300 | |a 289 páginas | ||
| 942 | |2 ddc |c LI | ||
